| 000 | 00000nas 2200000za 4500 |
| 001 | 9.802675 |
| 003 | CaOODSP |
| 005 | 20250206125413 |
| 007 | cr ||||||||||| |
| 008 | 150819c20129999oncqr p o f000#a0fre|d |
| 022 | |a2369-4262 |
| 040 | |aCaOODSP|bfre |
| 043 | |an-cn--- |
| 086 | 1 |aA103-3F-PDF |
| 222 | 0|aSurvol science des végétaux |
| 245 | 00|aSurvol science des végétaux |h[ressource électronique]. |
| 260 | |aOttawa : |bAgence canadienne d'inspection des aliments, |c[2012]- |
| 310 | |aTrimestriel |
| 362 | 1 |aParaît depuis: Édition 1, 2012? |
| 500 | |aPubli. aussi en anglais sous le titre : Plant science scan. |
| 692 | 07|2gccst|aMaladie des plantes |
| 692 | 07|2gccst|aRecherche scientifique |
| 710 | 2 |aAgence canadienne d'inspection des aliments. |
| 775 | 08|tPlant science scan |w(CaOODSP)9.802674 |